Problematika harmonizace práva EU v oblasti regulace reklamy

Vymedzenie pojmu reklama. Harmonizácia reklamy v Európskej únii. Princípy minimálnej a maximálnej harmonizácie.

Gespeichert in:
Bibliographische Detailangaben
1. Verfasser: Vavrečka, Jan
Weitere Verfasser: Štěpánek, Petr
Format: Buchkapitel
Sprache:Tschechisch
Schlagworte:
Tags: Tag hinzufügen
Keine Tags, Fügen Sie das erste Tag hinzu!

MARC

LEADER 00000naa a2200000 4500
001 0161842
005 20231204125427.5
041 0 |a cze 
044 |a CZ 
245 1 0 |a Problematika harmonizace práva EU v oblasti regulace reklamy  |c Jan Vavrečka, Petr Štěpánek 
520 |a Vymedzenie pojmu reklama. Harmonizácia reklamy v Európskej únii. Princípy minimálnej a maximálnej harmonizácie. 
610 2 0 |a regulácia 
610 2 0 |a reklama 
610 2 0 |a Európska únia 
610 2 0 |a harmonizácia 
610 2 0 |a právo európske 
100 1 |a Vavrečka, Jan 
700 1 |a Štěpánek, Petr